Statistiques concernant Test de vocab français-anglais (3)

Cliquez ici pour prendre le quiz!

Statistiques générales

  • Ce quiz a été pris 47 fois
  • Le résultat moyen est 3 sur 16

Statistiques - réponses

FrançaisAnglais% Correct
le verreglass
100%
le spaspa
53%
une comedie musicalemusical
30%
promener/sortir le chiento walk the dog
21%
le givrefrost
19%
coulerto flow
16%
désordonnémessy
14%
la tablettetablet computer
14%
la bouilloirekettle
9%
le rédacteureditor
5%
une ansehandle
5%
la primevèreprimrose
5%
le passage souterrainunderpass
5%
la danse de salonballroom dancing
2%
le traitmark
2%
la passerellewalkway
2%

Distribution des résultats

Percentile par nombre de réponses

% des personnes avec chaque résultat

Votre développement - résultats

Vous n’avez pas pris ce quiz